000 00209nam a22000857a 4500
008 161201b xxu||||| |||| 00| 0 eng d
100 _91649
_aMeesukhon.P
245 _aFox Stories
260 _aNew Delhi
_bUSA.M.B
_c2008
999 _c4362
_d4362